000 00924nam0a22002531 4500
001 rc\2293642
005 20250622231420.0
035 _a(NLR Aleph) 006466677
090 _a5892167
_c5892166
100 _a20110829d1977 |||y0rusy50 ca
101 0 _arus
102 _aRU
105 _ay z |||||
200 1 _aЛексический минимум по немецкому языку для III курса институтов и факультетов иностранных языков
_e[Учеб. пособие]
205 _a2-е изд., испр.
210 _aМосква
_cВысш. школа
_d1977
215 _a127 с.
_d20
700 1 _aАрхангельская
_bК.В.
_gКлара Всеволодовна
701 1 _aГлазунова
_bН.Ю.
_gНинель Ювельяновна
801 0 _aRU
_bNLR
_gpsbo
801 1 _aRU
_bELAR
_2rusmarc
852 _aNLR
_j77-3/9933
942 _cBOOK
980 _aNB